<?xml version="1.0" encoding="UTF-8"?>
<record
    xmlns:xsi="http://www.w3.org/2001/XMLSchema-instance"
    xsi:schemaLocation="http://www.loc.gov/MARC21/slim http://www.loc.gov/standards/marcxml/schema/MARC21slim.xsd"
    xmlns="http://www.loc.gov/MARC21/slim">

  <leader>03739nam a2200349 a 4500</leader>
  <controlfield tag="003">OSt</controlfield>
  <controlfield tag="005">20240626110235.0</controlfield>
  <controlfield tag="007">cr ||||||a|c|a</controlfield>
  <controlfield tag="008">240624s2021    mx a|||fom||| 001 0 spa d</controlfield>
  <datafield tag="040" ind1=" " ind2=" ">
    <subfield code="e">rda</subfield>
  </datafield>
  <datafield tag="100" ind1="1" ind2=" ">
    <subfield code="9">189255</subfield>
    <subfield code="a">Navarro Carbajal, Diana Jhosely</subfield>
  </datafield>
  <datafield tag="245" ind1="1" ind2=" ">
    <subfield code="a">Combate qu&#xED;mico de enfermedades foliares y su impacto en el rendimiento de ma&#xED;z elotero cv. A 7573 /</subfield>
    <subfield code="c">por Diana Jhosely Navarro Orozco; director de tesis Nah&#xFA;m Marb&#xE1;n Mendoza; secretario Anselmo de Jes&#xFA;s Cabrera Hidalgo; vocal Calixto Leopoldo Carrillo Fonseca; suplente Luis Oth&#xF3;n Espinoza Carrillo; suplente Sandra Guadalupe Gonz&#xE1;lez Dom&#xED;nguez.</subfield>
  </datafield>
  <datafield tag="264" ind1=" " ind2="1">
    <subfield code="a">Chapingo, M&#xE9;xico :</subfield>
    <subfield code="b">El autor,</subfield>
    <subfield code="c">2021.</subfield>
  </datafield>
  <datafield tag="300" ind1=" " ind2=" ">
    <subfield code="a">1 recurso en l&#xED;nea (56 p&#xE1;ginas):</subfield>
    <subfield code="b">cuadros, figuras.</subfield>
  </datafield>
  <datafield tag="336" ind1=" " ind2=" ">
    <subfield code="2">rdacontent</subfield>
    <subfield code="a">texto</subfield>
    <subfield code="b">txt</subfield>
  </datafield>
  <datafield tag="337" ind1=" " ind2=" ">
    <subfield code="2">rdamedia</subfield>
    <subfield code="a">computadora</subfield>
    <subfield code="b">c</subfield>
  </datafield>
  <datafield tag="338" ind1=" " ind2=" ">
    <subfield code="2">rdacarrier</subfield>
    <subfield code="a">recurso en l&#xED;nea</subfield>
    <subfield code="b">cr</subfield>
  </datafield>
  <datafield tag="502" ind1=" " ind2=" ">
    <subfield code="b">IAEPA</subfield>
    <subfield code="c">Parasitolog&#xED;a</subfield>
    <subfield code="d">2021.</subfield>
    <subfield code="g">LIC</subfield>
  </datafield>
  <datafield tag="504" ind1=" " ind2=" ">
    <subfield code="a">Incluye referencias bibliogr&#xE1;ficas: p&#xE1;ginas 15-20.40-45.</subfield>
  </datafield>
  <datafield tag="520" ind1=" " ind2=" ">
    <subfield code="a">El cultivo de ma&#xED;z es afectado por diversas enfermedades foliares que impactan negativamente su rendimiento y calidad del producto cosechado, siendo las royas y tizones foliares los de mayor importancia econ&#xF3;mica por su incidencia y severidad. La t&#xE1;ctica de combate com&#xFA;nmente usada para contrarrestar los efectos negativos de estas enfermedades es el uso de productos qu&#xED;micos sint&#xE9;ticos, destacando los triazoles y estrobilurinas. En este trabajo se evalu&#xF3; el efecto de la mezcla azoxystrobin + tebuconazole contra Exserohilum turcicum y Puccinia sorghi en el cultivo de ma&#xED;z elotero cv. A7573. Se evaluaron cinco dosis de la mezcla azoxystrobin + tebuconazole (AZO+TEB) (400-800 mL/ha), una de trifloxystrobin + tebuconazole (300 mL/ha), una de azoxystrobin + propiconazole (800 mL/ha) y un tratamiento control. Los tratamientos se distribuyeron bajo un dise&#xF1;o de bloques completos al azar con cuatro repeticiones y se cuantific&#xF3; la incidencia y severidad de las enfermedades; as&#xED; como la longitud y di&#xE1;metro del tallo, y longitud de elote. Las aplicaciones de AZO+TEB (500-800 mL/ha) redujeron significativamente la incidencia y severidad de las enfermedades con respecto a las plantas sin tratar. El AZO+TEB (800 mL/ha) redujo en 99 % y 100 % el tiz&#xF3;n foliar y roya com&#xFA;n respectivamente, a los 7 d&#xED;as despu&#xE9;s de la aplicaci&#xF3;n (dda) y en 94.37 % el tiz&#xF3;n foliar y 93.02 % la roya com&#xFA;n a los 14 dda. Hubo un efecto positivo sobre las variables vegetativas de las plantas de ma&#xED;z por la aplicaci&#xF3;n de la mezcla AZO +TEB (600-800 mL/ha) y Quilt&#xAE; (800 mL/ha), y los di&#xE1;metros de tallo m&#xE1;s gruesos se presentaron en las plantas tratadas con AZO+TEB (400 y 800 mL/ha). Las caracter&#xED;sticas agron&#xF3;micas de los frutos fueron favorecidas con la aplicaci&#xF3;n de los fungicidas, los elotes de mayor peso y tama&#xF1;o se produjeron en las plantas tratadas con AZO+TEB (600-800 mL/ha) y testigos comerciales. Esto se manifest&#xF3; en un mayor rendimiento estimado de elote en las plantas tratadas.</subfield>
  </datafield>
  <datafield tag="650" ind1=" " ind2="4">
    <subfield code="9">44045</subfield>
    <subfield code="a">Fungicidas</subfield>
    <subfield code="x">An&#xE1;lisis</subfield>
  </datafield>
  <datafield tag="650" ind1=" " ind2="4">
    <subfield code="9">126604</subfield>
    <subfield code="a">Fungicidas</subfield>
    <subfield code="x">Aplicaci&#xF3;n</subfield>
  </datafield>
  <datafield tag="650" ind1=" " ind2="4">
    <subfield code="9">189256</subfield>
    <subfield code="a">Tiz&#xF3;n foliar del ma&#xED;z</subfield>
    <subfield code="x">Control</subfield>
  </datafield>
  <datafield tag="650" ind1=" " ind2="4">
    <subfield code="9">189257</subfield>
    <subfield code="a">Roya del ma&#xED;z</subfield>
    <subfield code="x">Control</subfield>
  </datafield>
  <datafield tag="700" ind1="1" ind2=" ">
    <subfield code="9">71246</subfield>
    <subfield code="a">Marb&#xE1;n Mendoza, N&#xE1;hum</subfield>
    <subfield code="e">Director de tesis.</subfield>
  </datafield>
  <datafield tag="700" ind1="1" ind2=" ">
    <subfield code="9">16669</subfield>
    <subfield code="a">Cabrera Hidalgo, Anselmo de Jes&#xFA;s</subfield>
    <subfield code="e">Secretario.</subfield>
  </datafield>
  <datafield tag="700" ind1="1" ind2=" ">
    <subfield code="9">19482</subfield>
    <subfield code="a">Carrillo Fonseca, Calixto Leopoldo</subfield>
    <subfield code="e">Vocal.</subfield>
  </datafield>
  <datafield tag="700" ind1="1" ind2=" ">
    <subfield code="9">170932</subfield>
    <subfield code="a">Espinoza Carrillo, Luis Oth&#xF3;n</subfield>
    <subfield code="e">Suplente.</subfield>
  </datafield>
  <datafield tag="700" ind1="1" ind2=" ">
    <subfield code="9">48859</subfield>
    <subfield code="a">Gonz&#xE1;lez Dom&#xED;nguez, Sandra Guadalupe</subfield>
    <subfield code="e">Suplente.</subfield>
  </datafield>
  <datafield tag="856" ind1=" " ind2=" ">
    <subfield code="u">http://10.13.5.2/tesis/tl/2021_PA_Navarro_Carbajal_DianaJhosely.pdf</subfield>
    <subfield code="z">DESCARGAR PDF</subfield>
  </datafield>
  <datafield tag="942" ind1=" " ind2=" ">
    <subfield code="2">Clasificaci&#xF3;n Universidad Aut&#xF3;noma Chapingo</subfield>
    <subfield code="c">TD</subfield>
  </datafield>
  <datafield tag="999" ind1=" " ind2=" ">
    <subfield code="c">220016</subfield>
    <subfield code="d">220016</subfield>
  </datafield>
  <datafield tag="952" ind1=" " ind2=" ">
    <subfield code="0">0</subfield>
    <subfield code="1">0</subfield>
    <subfield code="2">local</subfield>
    <subfield code="4">0</subfield>
    <subfield code="5">1</subfield>
    <subfield code="7">0</subfield>
    <subfield code="8">TesDigL</subfield>
    <subfield code="a">BD</subfield>
    <subfield code="b">BD</subfield>
    <subfield code="c">E_L</subfield>
    <subfield code="d">2024-06-24</subfield>
    <subfield code="l">0</subfield>
    <subfield code="o">Tesis digital</subfield>
    <subfield code="r">2024-06-24 00:00:00</subfield>
    <subfield code="w">2024-06-24</subfield>
    <subfield code="y">TD</subfield>
  </datafield>
</record>
